La festa d'Elx / (Record no. 102903)
[ view plain ]
| 000 -LEADER | |
|---|---|
| campo de control de longitud fija | 00865nam a2200265 i 4500 |
| 001 - NÚMERO DE CONTROL | |
| campo de control | 102903 |
| 003 - IDENTIFICADOR DE NÚMERO DE CONTROL | |
| campo de control | ES-MaACL |
| 005 - FECHA Y HORA DE LA ÚLTIMA TRANSACCIÓN | |
| campo de control | 20240416094212.0 |
| 007 - CAMPO FIJO DE DESCRIPCIÓN FÍSICA--INFORMACIÓN GENERAL | |
| campo de control de longitud fija | t| |
| 008 - DATOS DE LONGITUD FIJA--INFORMACIÓN GENERAL | |
| campo de control de longitud fija | 051215s1981 sp f ||||1| spa d |
| 020 ## - NÚMERO INTERNACIONAL ESTÁNDAR DEL LIBRO | |
| Número Internacional Estándar del Libro | 84-85284-16-x |
| 080 ## - NÚMERO DE LA CLASIFICACIÓN DECIMAL UNIVERSAL | |
| Número de la Clasificación Decimal Universal | 398.33(460.33 Elche) |
| 080 ## - NÚMERO DE LA CLASIFICACIÓN DECIMAL UNIVERSAL | |
| Número de la Clasificación Decimal Universal | 821.134.2-251.09"15/16" |
| 130 0# - ENTRADA PRINCIPAL--TÍTULO UNIFORME | |
| Título uniforme | Misterio de Elche. |
| 9 (RLIN) | 123044 |
| 245 13 - MENCIÓN DEL TÍTULO | |
| Título | La festa d'Elx / |
| Mención de responsabilidad, etc. | [edición y comentarios de Enrique Llobregat ; aguafuertes de Sixto Marco y de Díaz Azorín]. |
| 260 ## - PUBLICACIÓN, DISTRIBUCIÓN, ETC. | |
| Lugar de publicación, distribución, etc. | [Alicante : |
| Nombre del editor, distribuidor, etc. | Rembrandt, |
| Fecha de publicación, distribución, etc. | 1981] |
| 300 ## - DESCRIPCIÓN FÍSICA | |
| Extensión | [74] p., [14] h. de lám. ; |
| Dimensiones | 56 cm. |
| 500 ## - NOTA GENERAL | |
| Nota general | Ejemplar nº F de una tirada de 230. |
| 650 14 - PUNTO DE ACCESO ADICIONAL DE MATERIA--TÉRMINO DE MATERIA | |
| Término de materia o nombre geográfico como elemento de entrada | Fiestas- |
| Subdivisión geográfica | Elche. |
| 9 (RLIN) | 12777 |
| 700 1# - ENTRADA AGREGADA--NOMBRE PERSONAL | |
| Nombre de persona | Marco, Sixto. |
| 9 (RLIN) | 76470 |
| 700 1# - ENTRADA AGREGADA--NOMBRE PERSONAL | |
| Nombre de persona | Azorín, Josep. |
| 9 (RLIN) | 24332 |
| 700 1# - ENTRADA AGREGADA--NOMBRE PERSONAL | |
| Nombre de persona | Llobregat, Enrique A., |
| Fechas asociadas al nombre | 1941-2003 |
| 9 (RLIN) | 72805 |
| 852 ## - LOCALIZACIÓN | |
| Ubicación | ES-MaACL |
| Número de control de estantería | GF-47 |
| Estatus retirado | Estado de pérdida | Estado de daño | No para préstamo | Biblioteca de origen | Biblioteca actual | Ubicación en estantería | Fecha de adquisición | Fuente de adquisición | Total de préstamos | Signatura topográfica completa | Código de barras | Visto por última vez | Precio de reemplazo | Tipo de ítem Koha |
|---|---|---|---|---|---|---|---|---|---|---|---|---|---|---|
| Biblioteca del Ateneo de Madrid | Biblioteca del Ateneo de Madrid | Depósito 2 | 17/01/2008 | GF-47 | 1107431 | 23/02/2023 | 23/02/2023 | Libro impreso |
